| 000 | 00630nam a2200193 i 4500 | ||
|---|---|---|---|
| 001 | 44574 | ||
| 003 | ES-MaACL | ||
| 005 | 20250126114944.0 | ||
| 007 | t| | ||
| 008 | 030321s1950 sp ||||1| spa d | ||
| 245 | 0 | 0 |
_aCódigo de comercio con las últimas reformas / _cconcordado, precedido de un prólogo de Antonio Goicoechea. |
| 250 | _a22ª ed. | ||
| 260 |
_aMadrid : _bGóngora, _c[1950] |
||
| 300 |
_a736, CLXIV p. ; _c15 cm. |
||
| 700 | 1 |
_aGoicoechea y Cosculluela, Antonio. _957614 |
|
| 852 | 4 |
_aES-MaACL _jG-16140 _946242 _cDEPO2 _dOlim: A-5406 |
|
| 942 |
_2udc _cMONOGRAFIA _n0 |
||
| 999 |
_c44574 _d44574 |
||